Berühmte Personen in deutscher Übersetzung - Statistiken

Allgemein
  • Dieses Quiz wurde 178 mal gespielt
  • Das Durchschnittsergebnis liegt bei 8 aus 21
Antwortstatistiken
Hint Antwort % Korrekt
Fledermausmann Batman
86%
Lukas Himmelsgeher Luke Skywalker
74%
Harald Töpfer Harry Potter
68%
Britin Speere Britney Spears
67%
Geliebte Weinhaus Amy Winehouse
64%
Flachkarre Ostholz Clint Eastwood
56%
Kondom Bargeld Johnny Cash
50%
Hackbraten Meatloaf
43%
Kapitän Wagenheber Spatz Captain Jack Sparrow
40%
Kater Kreuzfahrt Tom Cruise
40%
Samuel Schmied Sam Smith
38%
Frederick Quecksilber Freddie Mercury
35%
Justinus Holzsee Justin Timberlake
32%
Schneider flink Taylor Swift
32%
Testament Schmied Will Smith
21%
Jakob Bindung James Bond
13%
Kater Strähnen Tom Hanks
9%
Katharina Birnenmost Katy Perry
7%
Larissa Bauernhof Lara Croft
7%
Weiler Hamlet
4%
Judith Pflege Jodie Foster
2%
Keine übereinstimmenden Quizze gefunden
Verteilung der Resultate
Anzahl Personen mit jedem Resultat
Perzentil nach korrekt beantworteten Fragen
Ihre Resultats-Entwicklung
Sie haben dieses Quiz noch nicht gespielt